ბათუმის შოთა რუსთაველის სახელმწიფო უნივერსიტეტის ბიბლიოთეკა

ლექსები, პოემები (ბიბ.ჩანაწერი № 43154)

000 -LEADER
fixed length control field 00712nam a2200217Ia 4500
001 - CONTROL NUMBER
control field 9875
003 - CONTROL NUMBER IDENTIFIER
control field GE_BSU
008 - FIXED-LENGTH DATA ELEMENTS--GENERAL INFORMATION
fixed length control field 181216s||||||||xx |||||||||||||| ||und||
040 ## - CATALOGING SOURCE
Transcribing agency GE_BSU
080 ## - UNIVERSAL DECIMAL CLASSIFICATION NUMBER
Universal Decimal Classification number 82-93:821.353.1-1+821.353.1
100 ## - MAIN ENTRY--PERSONAL NAME
Personal name მღვიმელი,შიო
245 ## - TITLE STATEMENT
Title ლექსები, პოემები
245 ## - TITLE STATEMENT
Statement of responsibility, etc. სარედ.კოლ.მინდია არაბული და სხვ.მხატვ.გურამ ღლონტი
260 ## - PUBLICATION, DISTRIBUTION, ETC.
Place of publication, distribution, etc. თბილისი
260 ## - PUBLICATION, DISTRIBUTION, ETC.
Name of publisher, distributor, etc. ნაკადული
260 ## - PUBLICATION, DISTRIBUTION, ETC.
Date of publication, distribution, etc. 1996
300 ## - PHYSICAL DESCRIPTION
Extent 320გვ.20სმ.
653 ## - INDEX TERM--UNCONTROLLED
Uncontrolled term ლექსები, პოემები
942 ## - ADDED ENTRY ELEMENTS (KOHA)
Koha item type წიგნი
ეგზემპლარები
Withdrawn status Lost status Damaged status Not for loan Date acquired Barcode Date last seen Price effective from Koha item type
        2018-12-17 32860 2018-12-17 2018-12-17 წიგნი